Statistiques concernant Mathématiques (2)

Cliquez ici pour prendre le quiz!

Statistiques générales

  • Ce quiz a été pris 105 fois
  • Le résultat moyen est 9 sur 15

Statistiques - réponses

QuestionRéponse% Correct
12*3=36
99%
76/(4+15)4
97%
Une pente longue de 430 mètres permet de descendre 31 mètres verticalement, quelle est l'angle de la pente (on arrondit à un degré près)?4
97%
6-23*2-40
95%
cos(60°)=1/2
91%
76/4+15=34
77%
Une bactérie est présente dans un verre d'eau, à chaque seconde, la bactérie se double. Au bout d'une minute, les bactéries remplissent le verre. Au bout de combien de secondes les bactéries remplissent le quart du verre?58
57%
2^0,5= (on arrondit au centième près)1,41
54%
L'écran d'une télévision mesure 75 cm de long et 50 cm de large, combien de centimètres mesure-t-il en diagonale? (on arrondit au dixième de centimètre près)90,1
41%
2^20=1048576
38%
Quel est le 11e chiffre après le virgule du nombre pi? et le 12e chiffre? (on sépare les deux nombres par &)8 & 9
35%
On admet que le film "la reine des neiges 2" dure 1 heure 44 minutes. Si chaque seconde de film est composé de 24 photos et si chaque photo occupe 10 Mo de mémoire, et si le film n'est pas compressé, combien de découpes sont nécessaire pour stocker le film dans les clés USB de 4 Go?374
30%
Traduire 43 et 80 dans le langage binaire. On sépare les deux nombres par &.101011 & 1010000
26%
10^x=3^361, que vaut x (on arrondit au entier près)?172
22%
La probabilité de gagner un jeu est de 0,1%, si je joue ce jeu 1000 fois, quelle est la probabilité de gagner au moins une fois? (on arrondit le résultat au 0,1% près)63,2%
12%

Distribution des résultats

Percentile par nombre de réponses

% des personnes avec chaque résultat

Votre développement - résultats

Vous n’avez pas pris ce quiz